<?xml version="1.0" encoding="UTF-8"?>
<record
    xmlns:xsi="http://www.w3.org/2001/XMLSchema-instance"
    xsi:schemaLocation="http://www.loc.gov/MARC21/slim http://www.loc.gov/standards/marcxml/schema/MARC21slim.xsd"
    xmlns="http://www.loc.gov/MARC21/slim">

  <leader>00378nam a2200121Ia 4500</leader>
  <controlfield tag="008">180129s9999||||xx |||||||||||||| ||und||</controlfield>
  <datafield tag="020" ind1=" " ind2=" ">
    <subfield code="c">NT350</subfield>
    <subfield code="a">978-986-5752-31-6</subfield>
  </datafield>
  <datafield tag="100" ind1=" " ind2=" ">
    <subfield code="a">&#x6D2A;&#x6CF0;&#x96C4;</subfield>
  </datafield>
  <datafield tag="245" ind1=" " ind2="0">
    <subfield code="c">&#x6D2A;&#x6CF0;&#x96C4;</subfield>
    <subfield code="a">&#x8070;&#x660E;&#x5065;&#x5EB7;&#x5403;&#xFF0C;&#x6253;&#x9020;&#x597D;&#x9AD4;&#x8CEA;&#xFF01;&#xFF1A;20&#x5802;&#x5FC5;&#x4FEE;&#x300E;&#x98DF;&#x300F;&#x7528;&#x71DF;&#x990A;&#x5B78;&#x5206;</subfield>
  </datafield>
  <datafield tag="250" ind1=" " ind2=" ">
    <subfield code="a">&#x521D;&#x7248;</subfield>
  </datafield>
  <datafield tag="260" ind1=" " ind2=" ">
    <subfield code="b">&#x5BB6;&#x5EAD;&#x50B3;&#x5A92;&#x57CE;&#x90A6;</subfield>
    <subfield code="c">2015.09</subfield>
    <subfield code="a">&#x53F0;&#x5317;&#x5E02;</subfield>
  </datafield>
  <datafield tag="300" ind1=" " ind2=" ">
    <subfield code="c"> cm.</subfield>
    <subfield code="a"> p.</subfield>
  </datafield>
  <datafield tag="942" ind1=" " ind2=" ">
    <subfield code="2">ccl</subfield>
    <subfield code="c">BOOK</subfield>
  </datafield>
  <datafield tag="999" ind1=" " ind2=" ">
    <subfield code="c">239</subfield>
    <subfield code="d">239</subfield>
  </datafield>
  <datafield tag="952" ind1=" " ind2=" ">
    <subfield code="0">0</subfield>
    <subfield code="1">0</subfield>
    <subfield code="2">ccl</subfield>
    <subfield code="4">0</subfield>
    <subfield code="7">0</subfield>
    <subfield code="a">yeezen</subfield>
    <subfield code="b">yeezen</subfield>
    <subfield code="d">2018-01-29</subfield>
    <subfield code="l">4</subfield>
    <subfield code="o">411.3 </subfield>
    <subfield code="p">C02177</subfield>
    <subfield code="r">2023-02-21 00:00:00</subfield>
    <subfield code="s">2023-02-17</subfield>
    <subfield code="w">2018-01-29</subfield>
    <subfield code="y">BOOK</subfield>
  </datafield>
</record>
